Pick the band's members #3 - Statistics

General Stats
  • This quiz has been taken 13 times
  • The average score is 93 of 160
Answer Stats
Question Tile Select % Correct
Sex Pistols Aaron Lewis No
91%
Sex Pistols Ben Matlock No
91%
Sex Pistols Bill Bailey No
91%
Sex Pistols Courtney Love No
91%
Sex Pistols Don Dokken No
91%
Sex Pistols Johann Sebastian Bach No
91%
Sex Pistols Lee Ranaldo No
91%
Sex Pistols Miika Tenkula No
91%
Sex Pistols Sebastian Bach No
91%
Radiohead Al Jardine No
82%
KIϟϟ Allan Konigsberg No
82%
KIϟϟ Aquiles Priester No
82%
OutKast Biggie Smalls No
82%
Radiohead Billie Holiday No
82%
KIϟϟ Bob Dylan No
82%
OutKast Cappadonna No
82%
Radiohead Cozy Powell No
82%
The White Stripes Dee Snider No
82%
Radiohead Dexter Holland No
82%
Radiohead Enya Brennan No
82%
The White Stripes Frédéric Chopin No
82%
Sex Pistols Gaja Minah No
82%
KIϟϟ Harvey Weinstein No
82%
The White Stripes Horace Silver No
82%
Radiohead Jack R. Wolpertinger No
82%
The White Stripes Jarvis Cocker No
82%
Radiohead Jools Holland No
82%
OutKast Left Eye Lopes No
82%
KIϟϟ Leonard Cohen No
82%
OutKast MC Hammer No
82%
The White Stripes Mikkel Sandager No
82%
OutKast Nue Enfield No
82%
Radiohead Ralf Gyllenhammar No
82%
Radiohead Ronnie James Dio No
82%
The White Stripes Rory Gallagher No
82%
The White Stripes Rosan van der Aa No
82%
The White Stripes Roy Hargrove No
82%
Sex Pistols Sid Vicious Yes
82%
The White Stripes Sinéad O'Connor No
82%
KIϟϟ Sirin Kinnara No
82%
OutKast Sir Mix-a-Lot No
82%
Radiohead Stephen Large No
82%
OutKast Suge Knight No
82%
The White Stripes Thelonius Monk No
82%
Sex Pistols Tim Minchin No
82%
Radiohead Tina Turner No
82%
The White Stripes Van Morrison No
82%
The White Stripes Whitey Mitchell No
82%
Soundgarden Alice Cooper No
73%
Soundgarden Andre Young No
73%
OutKast Edorf No
73%
KIϟϟ Gene Simmons Yes
73%
Soundgarden Gweilo Qilin No
73%
OutKast Ice Cube No
73%
The White Stripes Jack White Yes
73%
Sex Pistols Johnny Rotten Yes
73%
Soundgarden Josh Freese No
73%
The White Stripes Martine van Loon No
73%
The White Stripes Meg White Yes
73%
OutKast RZA No
73%
Radiohead Thom Yorke Yes
73%
The White Stripes Tom Waits No
73%
OutKast Vanilla Ice No
73%
R.E.M. Ali Pegasus No
64%
Alice in Chains Axl Rose No
64%
R.E.M. Dolores O'Riordan No
64%
R.E.M. Eddie Vedder No
64%
Alice in Chains Henry Rollins No
64%
Alice in Chains Herbie Hancock No
64%
OutKast Ice-T No
64%
R.E.M. James Dean Bradfield No
64%
Alice in Chains Jimi Hendrix No
64%
Soundgarden Joe Unicorn No
64%
R.E.M. Joey Jordison No
64%
Alice in Chains Kurt Cobain No
64%
Alice in Chains Lenny Kravitz No
64%
R.E.M. Marc Bolan No
64%
R.E.M. Marilyn Manson No
64%
Alice in Chains Mick Avory No
64%
R.E.M. Miles Davis No
64%
R.E.M. Muddy Waters No
64%
OutKast Nas No
64%
R.E.M. Neil Young No
64%
R.E.M. Nick Cave No
64%
R.E.M. Omar Rodríguez-López No
64%
Alice in Chains Patti Smith No
64%
Soundgarden Ryan Martinie No
64%
Soundgarden Shaun Morgan No
64%
Soundgarden The Edge No
64%
Soundgarden Toby Dammit No
64%
OutKast Xzibit No
64%
Pixies A.A. Milne No
55%
OutKast André 3000 Yes
55%
Pixies Dan Lilker No
55%
Pixies Dimebag Darrell No
55%
Pixies Johnny Long No
55%
Radiohead Jonny Greenwood Yes
55%
Pixies Josh Homme No
55%
Slayer Melissa Auf der Maur No
55%
R.E.M. Michael Stipe Yes
55%
Alice in Chains Monsieur Barso No
55%
Slayer Paul McCartney No
55%
KIϟϟ Paul Stanley Yes
55%
KIϟϟ Peter Criss Yes
55%
Pixies Randy Seol No
55%
Slayer Rod Stewart No
55%
Slayer Rufus Wainwright No
55%
Slayer Saul Hudson No
55%
Pixies Steven Serpopard No
55%
Pixies Stevie Wonder No
55%
Alice in Chains Thoth Mothman No
55%
Slayer Tom Jones No
55%
KIϟϟ Ace Frehley Yes
45%
Soundgarden Chris Cornell Yes
45%
Pixies Denis "Piggy" D'Amour No
45%
Radiohead Ed O'Brien Yes
45%
Slayer Jonas Renkse No
45%
Alice in Chains Layne Staley Yes
45%
Radiohead Philip Selway Yes
45%
Slayer Yali Beaster No
45%
OutKast Big Boi Yes
36%
Radiohead Colin Greenwood Yes
36%
Sex Pistols Glen Matlock Yes
36%
Alice in Chains Jerry Cantrell Yes
36%
Soundgarden Kim Thayil Yes
36%
Pixies Krist Novoselic No
36%
Alice in Chains Mike Starr Yes
36%
Sex Pistols Steve Jones Yes
36%
Slayer Tom Araya Yes
36%
Slayer Tom G. Warrior No
36%
R.E.M. Bill Berry Yes
27%
Pixies Black Francis Yes
27%
Pixies David Lovering Yes
27%
KIϟϟ Eric Carr Yes
27%
Soundgarden Hiro Yamamoto Yes
27%
Alice in Chains Mike Inez Yes
27%
R.E.M. Mike Mills Yes
27%
Sex Pistols Paul Cook Yes
27%
R.E.M. Peter Buck Yes
27%
KIϟϟ Vinnie Vincent Yes
27%
KIϟϟ Bruce Kulick Yes
18%
KIϟϟ Eric Singer Yes
18%
Slayer Jeff Hanneman Yes
18%
Pixies Kim Deal Yes
18%
Pixies Kim Shattuck Yes
18%
Soundgarden Matt Cameron Yes
18%
Pixies Paz Lenchantin Yes
18%
Alice in Chains Sean Kinney Yes
18%
Alice in Chains William DuVall Yes
18%
Soundgarden Ben Shepherd Yes
9%
Slayer Dave Lombardo Yes
9%
Pixies Joey Santiago Yes
9%
Slayer Jon Dette Yes
9%
Slayer Kerry King Yes
9%
KIϟϟ Mark St.John Yes
9%
Slayer Paul Bostaph Yes
9%
Soundgarden Scott Sundquist Yes
9%
KIϟϟ Tommy Thayer Yes
9%
Slayer Gary Holt Yes
0%
Soundgarden Jason Everman Yes
0%
No matching quizzes found
Score Distribution
Percent of People with Each Score
Percentile by Number Answered
Your Score History
You have not taken this quiz